[Event "Budapest FS05 IM"]
[Site "Budapest"]
[Date "1996.??.??"]
[Round "3"]
[White "Skorna, Ullrich"]
[Black "Tcebekov, Khongor"]
[Result "1/2-1/2"]
[WhiteElo "2205"]
[BlackElo "2315"]
[PlyCount "62"]
[EventDate "1996.05.??"]
[EventType "tourn"]
[EventRounds "13"]
[EventCountry "HUN"]
[EventCategory "3"]
[SourceTitle "CBM 052 Extra"]
[Source "ChessBase"]
[SourceDate "1996.07.01"]
[SourceVersion "1"]
[SourceVersionDate "1996.07.01"]
[SourceQuality "1"]

1. e4 c5 2. Nf3 d6 3. Bb5+ Bd7 4. Bxd7+ Qxd7 5. 0-0 g6 6. c3 Bg7 7. d4 e5 8. dxe5 dxe5 9. Qxd7+ Nxd7 10. Na3 Ngf6 11. Re1 0-0 12. Bg5 Rae8 13. Rad1 h6 14. Bxf6 Nxf6 15. Nc4 Nh5 16. Rd7 b5 17. Nd6 Rd8 18. Rxd8 Rxd8 19. Nxb5 Rb8 20. a4 a6 21. Nc7 Rxb2 22. Nxa6 Nf4 23. Nxc5 Ne2+ 24. Kf1 Nxc3 25. Nd3 Ra2 26. Rc1 Nxe4 27. Rc8+ Kh7 28. Nfxe5 Bxe5 29. Nxe5 Rxf2+ 30. Kg1 Ra2 31. h3 Rxa4 1/2-1/2

[Event "Budapest FS05 IM"]
[Site "Budapest"]
[Date "1996.??.??"]
[Round "4"]
[White "Tcebekov, Khongor"]
[Black "Hoang, Thanh Trang"]
[Result "1/2-1/2"]
[WhiteElo "2315"]
[BlackElo "2360"]
[PlyCount "152"]
[EventDate "1996.05.??"]
[EventType "tourn"]
[EventRounds "13"]
[EventCountry "HUN"]
[EventCategory "3"]
[SourceTitle "CBM 052 Extra"]
[Source "ChessBase"]
[SourceDate "1996.07.01"]
[SourceVersion "1"]
[SourceVersionDate "1996.07.01"]
[SourceQuality "1"]

1. Nf3 f5 2. c4 Nf6 3. Nc3 g6 4. g3 Bg7 5. Bg2 0-0 6. 0-0 d6 7. d4 Qe8 8. d5 a5 9. Nd4 Na6 10. f3 e5 11. dxe6 Bxe6 12. b3 Nc5 13. Bb2 Bf7 14. Qd2 Qe7 15. Rad1 Rae8 16. Ncb5 a4 17. Qc3 axb3 18. axb3 Nh5 19. Qc2 c6 20. Na3 Qe3+ 21. Rf2 f4 22. Bc1 Qe5 23. g4 Nf6 24. Bb2 Nfd7 25. Bc3 Qe7 26. b4 Ne6 27. Nxe6 Bxe6 28. Bxg7 Kxg7 29. e4 fxe3 30. Re2 d5 31. Qc3+ Qf6 32. Rd4 Kg8 33. Rxe3 Ne5 34. c5 Bxg4 35. f4 Nf7 36. Nc2 Nh6 37. Rxe8 Rxe8 38. b5 Nf5 39. Rd3 Qxc3 40. Rxc3 d4 41. Ra3 Re2 42. bxc6 bxc6 43. Nb4 Re1+ 44. Kf2 Rc1 45. h3 Bh5 46. Be4 Rxc5 47. Nxc6 Nd6 48. Ra8+ Kg7 49. Nxd4 Nxe4+ 50. Ke3 Rc3+ 51. Kxe4 Rxh3 52. Ne6+ Kf6 53. Ng5 Rh1 54. Nxh7+ Ke7 55. Ra7+ Kd6 56. Nf8 Re1+ 57. Kd4 Rd1+ 58. Ke3 Re1+ 59. Kf2 Re2+ 60. Kg3 Re3+ 61. Kh4 Rf3 62. Kg5 Rg3+ 63. Kf6 Kd5 64. Ne6 Bg4 65. Ra5+ Ke4 66. Ra4+ Ke3 67. Ng5 Bf5 68. Ke5 Rg1 69. Ra3+ Kf2 70. Nf7 Re1+ 71. Kf6 Re3 72. Ra2+ Kg3 73. Kg5 Be6 74. Ra7 Bxf7 75. Rxf7 Rf3 76. Rf6 Rf2 1/2-1/2

[Event "Budapest FS05 IM"]
[Site "Budapest"]
[Date "1996.??.??"]
[Round "11"]
[White "Tcebekov, Khongor"]
[Black "Kahn, Evarth"]
[Result "1-0"]
[WhiteElo "2315"]
[BlackElo "2315"]
[PlyCount "65"]
[EventDate "1996.05.??"]
[EventType "tourn"]
[EventRounds "13"]
[EventCountry "HUN"]
[EventCategory "3"]
[SourceTitle "CBM 052 Extra"]
[Source "ChessBase"]
[SourceDate "1996.07.01"]
[SourceVersion "1"]
[SourceVersionDate "1996.07.01"]
[SourceQuality "1"]

1. e4 c5 2. c3 Qa5 3. Nf3 d6 4. Bc4 e6 5. 0-0 b5 6. Bb3 Bb7 7. Re1 Be7 8. d4 Nd7 9. Bc2 Rc8 10. Nbd2 Qc7 11. Bd3 a6 12. Nf1 Ngf6 13. Ng3 0-0 14. d5 exd5 15. Nf5 Rfe8 16. exd5 Bf8 17. Rxe8 Rxe8 18. c4 bxc4 19. Bxc4 Nb6 20. b3 Bxd5 21. Bxa6 Bxf3 22. Qxf3 Re1+ 23. Bf1 d5 24. Bf4 Re5 25. Nh6+ gxh6 26. Qg3+ Rg5 27. Bxc7 Rxg3 28. hxg3 Nbd7 29. a4 d4 30. Bc4 Bg7 31. Re1 Ng4 32. Re8+ Nf8 33. a5 1-0

[Event "Budapest FS05 IM"]
[Site "Budapest"]
[Date "1996.??.??"]
[Round "8"]
[White "Tcebekov, Khongor"]
[Black "Sandor, Christian"]
[Result "0-1"]
[WhiteElo "2315"]
[BlackElo "2380"]
[PlyCount "58"]
[EventDate "1996.05.??"]
[EventType "tourn"]
[EventRounds "13"]
[EventCountry "HUN"]
[EventCategory "3"]
[SourceTitle "CBM 052 Extra"]
[Source "ChessBase"]
[SourceDate "1996.07.01"]
[SourceVersion "1"]
[SourceVersionDate "1996.07.01"]
[SourceQuality "1"]

1. e4 e5 2. Nf3 Nc6 3. Bb5 a6 4. Ba4 Nf6 5. 0-0 Nxe4 6. Re1 Nc5 7. Bxc6 dxc6 8. Nxe5 Be7 9. d4 Ne6 10. Be3 0-0 11. c4 f6 12. Nf3 f5 13. Nc3 f4 14. Bd2 Ng5 15. Nxg5 Bxg5 16. Ne4 Bh6 17. Bb4 Re8 18. Qh5 Be6 19. b3 Bf7 20. Qg4 Bg6 21. Nc5 Qxd4 22. Rxe8+ Rxe8 23. Rd1 Qe5 24. Rf1 a5 25. Ba3 b6 26. Nd7 Qf5 27. f3 Qf7 28. Nf8 Bf5 29. Qh4 c5 0-1